Citations latines du roi Loth Kaamelott - Statistiques

Statistiques générales
  • Ce quiz a été pris 43 fois
  • Le résultat moyen est 3 sur 15
Statistiques - réponses
Hint Réponse Epsidode % Correct
Je vous salue César, la rose de la rose et le roi des esprits Ave Cesar rosae rosam et spiritus rex L'assemblée des rois
55%
Il faut detruire carthage Delenda Carthago Premier volet
45%
Souviens-toi du temps des morts, du temps du monde Tempora mori tempora mundis recorda L'assemblée des rois
42%
Je deteste le pain qui est meilleur ! Odi panem quid meliora Corvus corone
39%
Le desir de savoir Libido sciendi Premier volet
29%
Sans Argent Absque argento Premier volet
19%
seul les dieux decident Deus minimi placet Lacrimosa
16%
Le roseau plie mais ne cède qu'en cas de pepin Mundi placet et spiritus minima Lacrimosa
16%
Il ne pêche pas et ne repete pas Nun pecat et nun replica Covrus corone
10%
Dieu le roi restaure les saints aux saints Santis recorda, santis deus rex Dagonnet et le cadastre
6%
Petit appartement et campagne Flat minimas et patria Les repentants
3%
La vertue est dans le juste millieu In melios stad vertus Corvus corone
3%
Une messe courte et une grande respiration Misa brevis et spiritus maxima Corvus corone
3%
une lame propre de victoire Victoriae mundis set mundis lacrima Le désordre et la nuit
3%
L'argument du baton Argumentum baculenum Premier Volet
0%
Aucun quiz correspondant
Distribution des résultats
% des personnes avec chaque résultat
Percentile par nombre de réponses
Votre historique - résultats
Vous n’avez pas pris ce quiz